Records management in the voluntary sector

Bibliographic Details
Corporate Author: ProQuest (Firm)
Format: Electronic eBook
Language:English
Published: Bradford, England : Emerald Group Publishing, c2004.
Series:Records Management Journal. v. 14.
Subjects:
Online Access:Click to View
LEADER 01186nam a2200325Ia 4500
001 EBC231848
003 MiAaPQ
005 20200520144314.0
006 m o d |
007 cr cn|||||||||
008 000815s2004 enk s 000 0 eng d
020 |z 1845440528 
035 |a (MiAaPQ)EBC231848 
035 |a (Au-PeEL)EBL231848 
035 |a (CaPaEBR)ebr10069037 
035 |a (CaONFJC)MIL51474 
035 |a (OCoLC)70732999 
040 |a MiAaPQ  |c MiAaPQ  |d MiAaPQ 
050 4 |a HF5736  |b .R43 2004 
245 0 0 |a Records management in the voluntary sector  |h [electronic resource]. 
260 |a Bradford, England :  |b Emerald Group Publishing,  |c c2004. 
300 |a 40 p. 
490 1 |a Records Management Journal. No. 3 ;  |v Vol. 14 
533 |a Electronic reproduction. Ann Arbor, MI : ProQuest, 2015. Available via World Wide Web. Access may be limited to ProQuest affiliated libraries. 
650 0 |a Nonprofit organizations. 
650 0 |a Records  |x Management. 
655 4 |a Electronic books. 
710 2 |a ProQuest (Firm) 
830 0 |a Records Management Journal.  |n No. 3 ;  |v v. 14. 
856 4 0 |u https://ebookcentral.proquest.com/lib/matrademy/detail.action?docID=231848  |z Click to View